Piosenki Taco Hemingwaya (2014-2025) - Statystyki

Ogólne statystyki
  • Ten quiz został rozwiązany 72 razy
    67 od ostatniego zresetowania
  • Średni wynik to 70 z 119
Statystyki odpowiedzi
Piosenka % Poprawnych
Trójkąt
91%
Wszystko Jedno
87%
Marmur
87%
Mięso
87%
Szlugi I Kalafiory
87%
900729
83%
Café Belga
83%
CZŁOWIEK Z DZIURĄ ZAMIAST KRTANI
83%
Fiji
83%
Marsz, Marsz
83%
Następna stacja
83%
Nostalgia
83%
W PIĄTKI LEŻĘ W WANNIE
83%
(Przerywnik)
78%
Tlen
78%
2031
74%
6 zer
74%
Dele
74%
Deszcz na betonie (?)
74%
Europa
74%
Wosk
74%
ZAKOCHAŁEM SIĘ POD APTEKĄ
74%
35
70%
Awizo
70%
Chodź
70%
FRASCATI
70%
Mgła I (Siwe włosy)
70%
Motorola
70%
1-800-OŚWIECENIE
65%
A mówiłem Ci
65%
OSTATNI?
65%
Grubo-chude psy
65%
KABRIOLETY
65%
LECI NOWY FUTURE
65%
Mix Sałat
65%
Polskie Tango
65%
RATUNKU!
65%
Reżyseria: Kubrick
65%
TRAMWAJE
65%
Tsunami blond
65%
Wiatr
65%
100 kmh
61%
1990s Utopia
61%
515
61%
Anja
61%
ANTYSMOGOWA MASKA W MOIM CARRY-ON BAGGAGE
61%
BXL
61%
Gelato
61%
LATARNIE WSZĘDZIE DAWNO ZGASŁY
61%
Luxembourg
61%
Mgła II (Mówisz, masz)
61%
Saldo '07
61%
Świecące prostokąty
61%
ZTM
61%
Żyrandol
61%
+4822
57%
4 AM In Girona
57%
Adieu
57%
Białkoholicy
57%
Cichosza
57%
Głupi byt
57%
Influenza
57%
Karimata (Mute)
57%
Koła
57%
Krwawa jesień
57%
Makarena Freestyle
57%
Nametag
57%
ODTRUTKA
57%
PLAC TRZECH KRZYŻY
57%
SANATORIUM
57%
Świat Jest WFem
57%
To by było na tyle
57%
Wszystko na niby
57%
WWA VHS
57%
Żywot
57%
ALERT RCB
52%
BEZ STRESU
52%
FOTOMODELKI
52%
Michael Essien Birthday Party
52%
Na Paryskie Getto Pada Deszcz
52%
Niedziela
52%
Od zera
52%
Pakiet Platinium
52%
Panie, to Wyście!
52%
Pireneje
52%
PUSTOSZEJĄ SALE KINOWE
52%
Ściany mają uszy
52%
WUJEK DOBRA RADA
52%
Całe Lata
48%
Dwuzłotówki Dancing
48%
Grand Prix
48%
I.S.W.T
48%
Main Stage Freestyle
48%
Modigliani
48%
Szczerze
48%
TIJUANA
48%
TRZYKROPKI
48%
W.N.P
48%
WWA NIE Berlin
48%
WYTRAWNE (Z NUTĄ DESPERACJI)
48%
1000 Dni Freestyle
43%
Abonent jest czasowo niedostępny
43%
Bakayoko
43%
EINECEIWŚO 008-1
43%
Italodisco
43%
Może To Coś Zmieni?
43%
Nie Mam Czasu
43%
Ślepe sumy
43%
Sztylet
43%
Toskania Outro
43%
Czarna kawa czeka
39%
Ortalion
39%
Pokédex
39%
POL Smoke
39%
Pieniądz i Terror
35%
Szczękościsk
35%
Big Pharma
30%
Codziennie
30%
Nie Ufam Sobie Sam
30%
Nie znaleziono quizów pasujących do podanych kryteriów
Rozkład punktacji
Procent ludzi z każdym wynikiem
Percentyl według liczby udzielonych odpowiedzi
Twoja historia wyników
Nie rozwiązałeś tego quizu od ostatniego zresetowania